| 000 | 01591namaa22003251i 4500 | ||
|---|---|---|---|
| 005 | 20260429121145.0 | ||
| 008 | 260429s1995 ua a|||frm||| 000 0 eng d | ||
| 040 |
_aEG-GICUC _beng _cEG-GICUC _dEG-GICUC _erda |
||
| 041 | 0 |
_aeng _beng _bara |
|
| 049 | _aDeposit | ||
| 097 | _aM.Sc | ||
| 099 | _aCai01.11.18.M.Sc.1995.Ga.P | ||
| 100 | 0 |
_aGamal Mohammed Nasr, _epreparation. |
|
| 245 | 1 | 0 |
_aPrevalence of hyperinsulinemia in hypertensive subjects and its relation to cardiac performance / _b _cBy Gamal Mohammed Nasr ; Supervisors Prof. Dr. Mohammed Reda Awaden, Dr. Sahar Abd -El- Rahman Nassef, Dr. Nadeda Abd -El- Hamed Gohar |
| 246 | 1 | 5 | _aمدي انتشار ارتفاع مستوي هرمون الانسولين قي مرضي ارتفاع ضغط الدم وعلاقته بكفاءة عضلة القلب |
| 264 | 0 | _c1995. | |
| 300 |
_a141 Leaves _billustrations _c30 cm. + |
||
| 336 |
_2rda content _atext |
||
| 337 |
_2rdamedia _aUnmediated |
||
| 338 |
_2rdacarrier _avolume |
||
| 502 | _aThesis (M.Sc.)-Cairo University, 1995 | ||
| 504 | _aBibliography: pages 114-141 | ||
| 653 | 0 |
_aPrevalence of hyperinsulinemia _ahypertensive subjects and its relation to cardiac performance |
|
| 700 | 0 |
_aMohammed Reda Awaden _ethesis advisor. |
|
| 700 | 0 |
_aSahar Abd -El- Rahman Nassef _ethesis advisor. |
|
| 700 | 0 |
_aNadeda Abd -El- Hamed Gohar _ethesis advisor. |
|
| 900 |
_DDepartment of internal Medicine _FFaculty of Medicine _UCairo University _b1995 _cMohammed Reda Awaden _cSahar Abd -El- Rahman Nassef _cNadeda Abd -El- Hamed Gohar |
||
| 905 | _aNehad | ||
| 942 |
_2ddc _cTH _e21 _n0 |
||
| 999 | _c179806 | ||